Movies Quiz

Random Movies or Actress Quiz
Score 0/30 Timer 07:00
4 Plays Today
% Correct
Johnny Depp
90.3%
Matt Damon
87.4%
Danny DeVito
86.9%
Michael Douglas
85.1%
Cameron Diaz
84.9%
Leonardo DiCaprio
84.6%
Geena Davis
84.3%
James Dean
84.1%
Vin Diesel
83.6%
Daniel Day-Lewis
82.6%
Jeff Daniels
82.1%
David Duchovny
81.7%
Robert De Niro
81.3%
Richard Dreyfuss
80.8%
Ted Danson
78.6%
% Correct
Judi Dench
77.9%
Willem Dafoe
72.8%
Robert Downey Jr.
72.6%
Kirsten Dunst
69.6%
Faye Dunaway
68.8%
Robert Duvall
66.3%
Patrick Dempsey
64.5%
Bette Davis
63.7%
Beverly D'Angelo
63.2%
Benicio Del Toro
62.6%
Warwick Davis
62.2%
Matt Dillon
61.8%
Gerard Depardieu
56.2%
Stephen Dorff
49.9%
Vincent D'Onofrio
49.3%
Remove Ads.
Support Sporcle.
Get the best of Sporcle when you Go Orange. This ad-free experience offers more features, more stats, and more fun while also helping to support Sporcle. Thank you for becoming a member.

You're not logged in!

Compare scores with friends on all Sporcle quizzes.
OR
Log In

Show Comments

Extras

Top Quizzes Today


Score Distribution

Your Account Isn't Verified!

In order to create a playlist on Sporcle, you need to verify the email address you used during registration. Go to your Sporcle Settings to finish the process.

Report this User

Report this user for behavior that violates our Community Guidelines.

Details: